Shifting sense (Record no. 93003)
[ view plain ]
| 000 -LEADER | |
|---|---|
| fixed length control field | 02060nam a2200433Ia 4500 |
| 245 00 - TITLE STATEMENT | |
| Title | Shifting sense |
| 260 ## - PUBLICATION, DISTRIBUTION, ETC. (IMPRINT) | |
| Place of publication | Amsterdam, The Netherlands : |
| Name of publisher | Techne Press, |
| Year of publication | 2005. |
| 300 ## - PHYSICAL DESCRIPTION | |
| Number of Pages | 403 p. : |
| Other physical details | ill. |
| 490 1# - SERIES STATEMENT | |
| Series statement | Design, science, planning |
| 500 ## - GENERAL NOTE | |
| General note | "Produced within the frame of the research programme of the Delft Centre for Sustainable Urban Areas and financed by the Chair of Spatial Planning and the Dean of the Faculty of Architecture, Delft University of Technology, The Netherlands"--T.p. verso. |
| 650 #0 - SUBJECT ADDED ENTRY--TOPICAL TERM | |
| Topical Term | Space (Architecture) |
| Topical Term | City planning. |
| Topical Term | Metropolitan areas. |
| Topical Term | Cities and towns. |
| 700 1# - ADDED ENTRY--PERSONAL NAME | |
| Personal name | Hulsbergen, Edward. |
| Personal name | Klaasen, I. T. |
| Personal name | Kriens, I. |
| Personal name | Werff-Woolhouse, Susan M. van der. |
| 856 40 - ELECTRONIC LOCATION AND ACCESS | |
| Uniform Resource Identifier | http://site.ebrary.com/lib/rucke/Doc?id=10155184 |
No items available.
